| 000 | 00567cas a2200169 4500 | ||
|---|---|---|---|
| 022 | 0 | _a0250-6505 | |
| 040 | _cDLC | ||
| 082 | _aUNI RDD 2007 C279 Or. | ||
| 245 | 0 | 0 |
_aRegional development dialogue _bVol. 27, No. 2, Autumn 2006 |
| 260 |
_aNagoya, Japan, _bUnited Nations Centre for Regional Development |
||
| 300 |
_av. _bill. _c26 cm |
||
| 500 | _a"An international journal focusing on third world development problems." | ||
| 650 | 0 | _aRegional planning | |
| 650 | 0 | _aRegional planning | |
| 710 | 2 | _aUnited Nations Centre for Regional Development | |
| 942 | _cAEDBB | ||
| 999 |
_c22196 _d22196 |
||